[Event "POL-chT 2nd League-3 2020"]
[Site "Poronin"]
[Date "2020.09.13"]
[Round "9.22"]
[White "Polkowski, Piotr"]
[Black "Stachanczyk, Jacek"]
[Result "1-0"]
[WhiteElo "2141"]
[BlackElo "2156"]
[Annotator "TA"]
[PlyCount "63"]
[EventDate "2020.09.05"]
[EventType "team-tourn"]
[EventCountry "POL"]
[SourceTitle "playchess.com"]
[Source "ChessBase"]
[SourceQuality "1"]
[WhiteTeam "LKSz Lublin"]
[BlackTeam "MCKIS Jaworzno"]
[WhiteTeamCountry "POL"]

{[%evp 22,63,0,-17,-1,-7,0,-11,-12,-25,-7,-20,-11,-32,20,39,56,62,72,58,98,103,96,99,153,145,147,137,160,139,143,149,153,117,127,123,126,83,337,250,450,353,302,256]} 1. e4 c5 2. Nc3 g6 3. Bc4 Nc6 4. d3 Bg7 5. f4 e6 6. Nf3 Nge7 7. O-O O-O 8. Qe1 d5 9. Bb3 Nd4 10. Nxd4 cxd4 11. Ne2 dxe4 12. dxe4 a5 {B23: Closed Sicilian: Lines without g3.} 13. Bc4 {[#]} e5 $146 ({Predecessor:} 13... Bd7 14. c3 b5 15. Bd3 Bc6 16. Qg3 dxc3 17. Nxc3 b4 18. Ne2 Qd7 19. f5 exf5 20. exf5 {½-½ (64) Marhoefer,D (1714)-Peat,M (2014) Reykjavik 2017}) 14. Qh4 {White wants to play fxe5.} Be6 {The position is equal.} 15. Bd3 Nc6 16. Qg3 exf4 17. Bxf4 Qb6 (17... a4 $15) 18. Bc7 $11 Qa7 19. Nf4 $1 Rfe8 {[#]} 20. Nd5 $1 Bxd5 21. exd5 Be5 22. Qf3 Rf8 ({Black should play} 22... f5) 23. dxc6 $16 Bxc7 24. cxb7 Rad8 25. Kh1 Qc5 26. Rae1 $36 {[%cal Ba1e1,Be1e6,Be6g6,Bg6f6][%mdl 2080] White is really pushing.} Bb8 27. g3 f5 28. Re6 Kg7 29. Qc6 Qb4 $2 {[%mdl 8192]} (29... Qxc6+ $16 30. Rxc6 Rd7) 30. g4 {[%cal Rg4f5]} fxg4 $2 {[#]} (30... Rf6 31. Rxf6 Qd2) 31. Rxg6+ $1 {[%mdl 576] Double Attack} Kh8 (31... hxg6 32. Qxg6+) 32. Rgf6 {Accuracy: White = 77%, Black = 63%.} 1-0

[Event "POL-chT 2nd League-3 2020"]
[Site "Poronin"]
[Date "2020.09.13"]
[Round "9.23"]
[White "Rosicki, Marcin"]
[Black "Maka, Marcin"]
[Result "0-1"]
[WhiteElo "2039"]
[BlackElo "2124"]
[Annotator "TA"]
[PlyCount "52"]
[EventDate "2020.09.05"]
[EventType "team-tourn"]
[EventCountry "POL"]
[SourceTitle "playchess.com"]
[Source "ChessBase"]
[SourceQuality "1"]
[WhiteTeam "MCKIS Jaworzno"]
[BlackTeam "LKSz Lublin"]
[BlackTeamCountry "POL"]

{[%evp 16,52,4,0,31,27,34,0,14,-15,19,0,0,-8,-4,-17,-12,-49,-43,-35,10,-103,-104,-106,-101,-96,-94,-604,-589,-784,-804,-1014,-1031,-1010,-998,-937,-906,-1172,-1060]} 1. e4 c5 2. c4 Nc6 3. Ne2 e5 4. Nbc3 d6 5. d3 g6 6. g3 Bg7 7. Bg2 Nge7 8. O-O O-O 9. Be3 h6 {A36: Symmetrical English vs ...g6: 4 Bg2 Bg7.} 10. Qd2 Kh7 11. Nd5 {[#]} f5 $146 {The position is equal.} ({Predecessor:} 11... Nxd5 12. cxd5 Nd4 13. f3 Nxe2+ 14. Qxe2 Bd7 15. Qd2 f5 16. Rac1 a5 {0-1 (72) Petrovic,P (2137)-Nedeljkovic,D (2145) Belgrade 2009}) 12. Rab1 Nd4 13. f4 Nxd5 14. cxd5 a5 15. Kh1 b6 16. b3 fxe4 17. Bxe4 Nf5 18. g4 (18. fxe5 $11 dxe5 19. Nc3) 18... Nxe3 $17 19. Qxe3 Bxg4 20. Bxg6+ Kxg6 21. Rg1 $2 {[%mdl 8192] [#] Now White is beyond hope.} (21. Qg3 $17) 21... h5 $19 {Black is clearly winning.} 22. Qg3 {and the idea h3 leaves White hopeful.} Kh6 23. h3 exf4 24. Nxf4 Be5 25. Rbf1 Qg5 26. Ne6 Rxf1 {Accuracy: White = 39%, Black = 78%.} 0-1

[Event "POL-chT 2nd League-3 2020"]
[Site "Poronin"]
[Date "2020.09.13"]
[Round "9.24"]
[White "Fraczek, Weronika"]
[Black "Guzik, Jolanta"]
[Result "1/2-1/2"]
[WhiteElo "1882"]
[BlackElo "2003"]
[Annotator "TA"]
[PlyCount "83"]
[EventDate "2020.09.05"]
[EventType "team-tourn"]
[EventCountry "POL"]
[SourceTitle "playchess.com"]
[Source "ChessBase"]
[SourceQuality "1"]
[WhiteTeam "LKSz Lublin"]
[BlackTeam "MCKIS Jaworzno"]
[WhiteTeamCountry "POL"]
[BlackTeamCountry "POL"]

{[%evp 16,83,14,22,32,0,24,33,22,27,26,22,37,31,22,25,29,39,37,4,17,15,13,14,52,44,44,41,70,25,33,16,16,16,16,10,12,12,29,27,31,0,10,10,10,10,83,32,41,31,92,85,99,93,96,77,77,77,110,0,2,0,4,0,0,-30,-30,-31,-32,-113]} 1. e4 c5 2. Nf3 Nc6 3. Bb5 g6 4. Bxc6 dxc6 5. d3 Bg7 6. h3 Nf6 7. Nc3 Nd7 8. Be3 e5 9. Qd2 h6 {B31: Sicilian: 2...Nc6 3 Bb5 g6.} 10. O-O-O Qa5 {10...b6 gains popularity.} 11. Kb1 Nf8 {White is slightly better.} 12. Ne2 Qxd2 13. Nxd2 Ne6 {[#]} 14. f4 $146 ({Predecessor:} 14. c3 b6 15. Nc4 Ba6 16. g3 Bxc4 17. dxc4 Ng5 18. Bxg5 hxg5 19. Kc2 Rd8 20. Rxd8+ Kxd8 {½-½ (27) Kofidis,A (2385)-Tzermiadianos,A (2350) Greece 1994}) 14... exf4 15. Nxf4 Nxf4 16. Bxf4 Be6 17. c3 Rd8 18. Kc2 O-O 19. g4 f5 20. gxf5 gxf5 21. e5 $1 Kh7 22. c4 Rg8 23. Nf3 Bf8 24. Rhg1 Be7 25. b3 Rxg1 26. Rxg1 Rg8 27. Rxg8 Bxg8 $11 {[%mdl 4096] Endgame KBB-KBN} 28. d4 Bf7 29. dxc5 Bxc5 30. Kd3 Kg6 {[#]} (30... a6 $11 {keeps the balance.}) 31. Be3 (31. Nh4+ $1 $16 Kh7 32. Be3 (32. Nxf5 Be6 $14)) 31... Be7 $14 32. Bxa7 Bg5 (32... Be6 $14) 33. Bf2 Kh5 34. Nd4 Bg6 35. Ne6 {[%cal Re6g7] [#]} f4+ 36. Kd4 {[%cal Re6g7]} Bb1 37. Nc5 ({White should play} 37. Kc5 $16) 37... Bxa2 $11 38. Nxb7 {Strongly threatening Na5.} Bxb3 39. Na5 Ba4 40. Kc5 Be7+ 41. Kd4 Kg5 42. Ke4 {Accuracy: White = 69%, Black = 81%.} ({White should try} 42. Nb7 $15) 1/2-1/2